Nazwy wszystkich starych serwerów w grze Metin2 PL - Statystyki

Ogólne statystyki
  • Ten quiz został rozwiązany 37 razy
    35 od ostatniego zresetowania
  • Średni wynik to 7 z 26
Statystyki odpowiedzi
Odpowiedź Oficjalna nazwa % Poprawnych
s1 Monastyr (POLAND)
97%
s2 Feniks
72%
s3 Obsydian
62%
s4 Twierdza
48%
s6 Grymuar
34%
s8 Onyks
34%
s5 Astral
31%
s7 Almanach
28%
s15 Eteor
28%
s10 Gromo
24%
s14 Kirian
21%
s26 Solar
21%
s9 Agronas
17%
s12 Monolit
17%
s16 Serwandes
17%
s25 Syriusz
17%
s24 Phantos
14%
s21 Candia
10%
s13 Exandros
10%
s22 Orion
10%
s11 Arkantes
7%
s19 Deimos
7%
s17 Elares
7%
s20 Endurion
7%
s23 Kronos
7%
s18 Phobos
7%
Nie znaleziono quizów pasujących do podanych kryteriów
Rozkład punktacji
Procent ludzi z każdym wynikiem
Percentyl według liczby udzielonych odpowiedzi
Twoja historia wyników
Nie rozwiązałeś tego quizu od ostatniego zresetowania